<?xml version="1.0" encoding="UTF-8"?>
<collection xmlns="http://www.loc.gov/MARC21/slim">
 <record>
  <leader>01124cam a2200277 7i4500</leader>
  <controlfield tag="001">0000156298</controlfield>
  <controlfield tag="005">20250312090000.0</controlfield>
  <controlfield tag="008">250312s2023    my a   ###   #00001may##</controlfield>
  <datafield tag="020" ind1="#" ind2="#">
   <subfield code="a">9789672278788 </subfield>
  </datafield>
  <datafield tag="040" ind1="#" ind2="#">
   <subfield code="a">UMT </subfield>
   <subfield code="b">eng </subfield>
   <subfield code="c">UMT </subfield>
   <subfield code="d">PNM </subfield>
   <subfield code="e">rda</subfield>
  </datafield>
  <datafield tag="090" ind1="0" ind2="#">
   <subfield code="a">DP 302 .A467 </subfield>
   <subfield code="b">S9 2023</subfield>
  </datafield>
  <datafield tag="100" ind1="0" ind2="#">
   <subfield code="a">Syed Mahadzir Syed Ibrahim, </subfield>
   <subfield code="d">1961- </subfield>
   <subfield code="e">author </subfield>
  </datafield>
  <datafield tag="245" ind1="1" ind2="0">
   <subfield code="a">Tragedi pengusiran umat islam dari bumi Al-Andalus  </subfield>
   <subfield code="c">Syed Mahadzir Syed Ibrahim.</subfield>
  </datafield>
  <datafield tag="264" ind1="#" ind2="1">
   <subfield code="a">Petaling Jaya, Selangor: </subfield>
   <subfield code="b">Hijjaz Records Publishing, </subfield>
   <subfield code="c">2023</subfield>
  </datafield>
  <datafield tag="300" ind1="#" ind2="#">
   <subfield code="a">viii, 256 pages: </subfield>
   <subfield code="b">colour illustrations, colour photographs; </subfield>
   <subfield code="c">21 cm</subfield>
  </datafield>
  <datafield tag="336" ind1="#" ind2="#">
   <subfield code="a">text -- </subfield>
   <subfield code="2">rdacontent</subfield>
  </datafield>
  <datafield tag="337" ind1="#" ind2="#">
   <subfield code="a">unmediated -- </subfield>
   <subfield code="2">rdamedia</subfield>
  </datafield>
  <datafield tag="338" ind1="#" ind2="#">
   <subfield code="a">volume -- </subfield>
   <subfield code="2">rdacarrier</subfield>
  </datafield>
  <datafield tag="590" ind1="#" ind2="#">
   <subfield code="a">Perpustakaan Sultanah Nur Zahirah</subfield>
  </datafield>
  <datafield tag="591" ind1="#" ind2="#">
   <subfield code="a">Pameran Buku Ilmiah 2024</subfield>
  </datafield>
  <datafield tag="650" ind1="#" ind2="0">
   <subfield code="a">Islamic stories, Malay </subfield>
  </datafield>
  <datafield tag="650" ind1="#" ind2="0">
   <subfield code="a">Islam -- </subfield>
   <subfield code="x">History -- </subfield>
   <subfield code="z">Spain -- </subfield>
   <subfield code="z">Andalusia </subfield>
  </datafield>
  <datafield tag="650" ind1="#" ind2="0">
   <subfield code="a">Muslims -- </subfield>
   <subfield code="x">History -- </subfield>
   <subfield code="z">Andalusia (Spain) </subfield>
  </datafield>
  <datafield tag="651" ind1="#" ind2="0">
   <subfield code="a">Andalusia (Spain) -- </subfield>
   <subfield code="x">Civilization -- </subfield>
   <subfield code="x">Islamic influences </subfield>
  </datafield>
  <datafield tag="651" ind1="#" ind2="0">
   <subfield code="a">Andalusia (Spain) -- </subfield>
   <subfield code="x">History </subfield>
  </datafield>
  <datafield tag="999" ind1=" " ind2=" ">
   <subfield code="a">1100117231</subfield>
   <subfield code="b">Book</subfield>
   <subfield code="c">Open Shelf</subfield>
   <subfield code="e">KOLEKSI TERBUKA</subfield>
  </datafield>
 </record>
</collection>
